000 01043nam a2200265 a 4500
001 79314
003 BD-RjUL
005 20220418141627.0
008 220203s2005 eng||||| m||| 00| 0 eng d
035 _a(BD-RjUL)79314
040 _aBD-RjUL
_beng
_dBD-RjUL
041 _aeng
082 _a155.82
_bLIA 2005
_223
100 _aLiza, Mst. Mahfuza Nasrin
_91098
245 _aA Study in Social Identiy as a Function of Cross-Category Membership in Certain Ethnic Groups in Bangladesh /
_cby Mst. Mahfuza Nasrin Liza ;
_6Supervisor: M. Mozammel Huq
260 _aRajshahi :
_bDepartment of Psychology, University Of Rajshahi,
_c2005
300 _a[1], xix, 175 leaves ;
_c29 cm.
502 _aThesis (Ph. D.) -- Department Of Psychology, University of Rajshahi, 2005
504 _aReferences : Leaves [157]-174
650 _aEthnopsychology
_xSocial aspects
_91099
650 _aIdentity (Psychology)
_xSocial aspects
_91100
650 _aSocial psychology
_91101
700 _aHuq, M. Mozammel, Supervisor
_91102
942 _2ddc
_cTHE
999 _c79314
_d79314